An evaluative study of computerised library and information services by the IIPA library with regard to users' needs and satisfaction (Record no. 70628)

000 -LEADER
fixed length control field 01277pab a2200181 454500
008 - FIXED-LENGTH DATA ELEMENTS--GENERAL INFORMATION
fixed length control field 180718b2006 xxu||||| |||| 00| 0 eng d
100 ## - MAIN ENTRY--PERSONAL NAME
Personal name Gulati, Sunita
245 ## - TITLE STATEMENT
Title An evaluative study of computerised library and information services by the IIPA library with regard to users' needs and satisfaction
260 ## - PUBLICATION, DISTRIBUTION, ETC.
Date of publication, distribution, etc. 2006
300 ## - PHYSICAL DESCRIPTION
Extent p.260-275.
362 ## - DATES OF PUBLICATION AND/OR SEQUENTIAL DESIGNATION
Dates of publication and/or sequential designation Apr-Jun
520 ## - SUMMARY, ETC.
Summary, etc. The article makes an evaluative study of the computerised Library and Information Services (L and IS) provided by the IIPA Library. The study positively tests two main hypotheses with regard to the users' needs and satisfaction. These hypotheses are: (i) there are various types of users demanding a variety of computerised L and IS in order to fulfil their requirements which need intensified manpower efficiency for the required provisions; and (ii) there exist inadequate infrastructural facilities in the IIPA Library to provide adequate computerised L and IS to the requirements of the users. It also furnishes important suggestions in order to improve the supply of the computerised L and IS by the Library concerned. - Reproduced.
650 ## - SUBJECT ADDED ENTRY--TOPICAL TERM
Topical term or geographic name entry element Libraries
650 ## - SUBJECT ADDED ENTRY--TOPICAL TERM
Topical term or geographic name entry element Information user studies
773 ## - HOST ITEM ENTRY
Main entry heading Indian Journal of Public Administration
908 ## - PUT COMMAND PARAMETER (RLIN)
Put command parameter N
909 ## -
-- 70628
Holdings
Withdrawn status Lost status Damaged status Not for loan Permanent Location Current Location Date acquired Serial Enumeration / chronology Barcode Date last seen Price effective from Koha item type
        Indian Institute of Public Administration Indian Institute of Public Administration 2018-07-19 Volume no: 52, Issue no: 2 AR71088 2018-07-19 2018-07-19 Articles

Powered by Koha